Statistiques concernant Les capitales des pays bordant la Méditerranée

Cliquez ici pour prendre le quiz!

Statistiques générales

  • Ce quiz a été pris 107 fois
  • Le résultat moyen est 16 sur 22

Statistiques - réponses

Réponse% Correct
Paris
98%
Madrid
94%
Rome
91%
Athènes
87%
Alger
85%
Ankara
85%
Tunis
84%
Monaco
83%
Rabat
80%
Jérusalem
79%
Zagreb
78%
Nicosie
76%
Beyrouth
74%
Tirana
73%
Le Caire
72%
La Valette
71%
Ljubljana,
65%
Sarajevo
65%
Tripoli
65%
Damas
63%
Podgorica
55%
Ramallah
21%

Distribution des résultats

Percentile par nombre de réponses

% des personnes avec chaque résultat

Votre développement - résultats

Vous n’avez pas pris ce quiz